• 首页
  • 本馆介绍
  • 公告通知
  • 最新文献
  • 馆藏检索
  • 电子资源
  • 读者导购
  • 参考咨询
  • 我的图书馆
  • 登录
  • 详细信息显示
  • 放入我的书架
  • 预约/预借图书
  • 作者相关作品
  • 分类相关作品
  • 丛书相关作品
  • 出版社相关作品

书目信息

  • 表格格式
  • 工作单格式
  • 卡片格式
题名:
异质结构激光器
    
 
作者: 凯西 , Casey , 帕尼什 , Panish 著 ;杜宝勋 译
分册: 下册  
出版信息: 北京   国防工业出版社  1983
页数: 321页
开本: 19cm
丛书名:
单 册:
中图分类: TN248.4
科图分类:
主题词: 半导体激光器
电子资源:
ISBN:
000 00991nam0 2200313 45
001 0183000466
005 20040519173232.0
010    @dCNY1.30
091    @a15034.2747
100    @a19950725d1983 emky0chiy0121 ea
101 1  @achi@ceng
102    @aCN@b110000
105    @ay z 000yy
106    @ar
200 10 @a异质结构激光器@h下册@Ayi zhi jie gou ji guang qi@f(美)凯西(H.C.Casey),(美)帕尼什(M.B.Panish)著@g杜宝勋译
210    @a北京@c国防工业出版社@d1983
215    @a321页@d19cm
300    @a书名原文:Heterostructure lasers part a fundamental principles
510 1  @aHeterostructure lasers part a fundamental principles@zeng
606    @a半导体激光器
690    @aTN248.4@v3 
701  1 @a凯西@Akai xi@bH.C.@4著
701 A1 @aCasey@bH.C.@4著
701  1 @a帕尼什@Apa ni shi@bM.B.@4著
701 A1 @aPanish@bM.B.@4著
702  0 @a杜宝勋@Adu bao xun@4译
801  0 @aCN@b上海图书馆@c20040519
801  2 @aCN@bNLC@c20040519
905    @f2@b140352-353@dTN248.4@e38:2
    
    异质结构激光器.下册/(美)凯西(H.C.Casey),(美)帕尼什(M.B.Panish)著/杜宝勋译.-北京:国防工业出版社,1983
    321页;19cm
    书名原文:Heterostructure lasers part a fundamental principles
    
    ISBN :CNY1.30
    
●
相关链接 在E读中查询图书 在五车中查询图书 在当当中查询图书 在豆瓣中查询图书


正题名:异质结构激光器     索取号:TN248.4/38:2         预约/预借

序号 登录号 条形码 馆藏地/架位号 状态 备注
1 0140352   001350736   第三借阅区/ [索取号:TN248.4/38:2] 在馆    
2 0140353   001351682   密集书库/ [索取号:TN248.4/38:2] 在馆    
3 0140354   001351646   第二样本阅览室/ [索取号:TN248.4/38:2] 在馆    
唐山师范学院图书馆 欢迎您!
大连网信软件有限公司© 版权所有